000 00681nam a2200289Ia 4500
005 20260324141939.0
008 008 260324s9999 xx 000 0 eng d
020 _a9780203986219
037 _aEBOOK
040 _aCRL
040 _beng
040 _cCRL
041 _2eng
041 _aeng
084 _qCRL
100 _aLindsay Smith; Alan Sinfield; Jean Howard
_91210113
245 0 _aTextual Practice
245 0 _bVolume 9 Issue 2
260 _bTaylor and Francis
260 _c1996
365 _a
365 _b95.99
856 _uhttp://www.taylorfrancis.com/books/9780203986219
942 _cEBOOK
999 _c1813746
_d1813746